00905nam a2200301Ia 4500008004100000040001200041082001600053082001500069100002700084245004800111260001300159260003000172260000900202300001000211300000600221300001400227530001700241563001000258600002700268630004800295650002900343650002100372700002700393730004800420942000900468999002100477952010500498160321s9999||||xx |||||||||||||| ||und|| cEnglish aXI.B Sastri bBORI-54409 aV. S. Srinivasa Sastri 4aThe Rights and Duties of The Indian Citizen aCalcutta bCalcutta University Press c1922 ax+116 cB ePaperbook u00046405.pdf aStudy aV. S. Srinivasa Sastri aThe Rights and Duties of The Indian Citizen a"Social History,Culture" aGeneral Indology aV. S. Srinivasa Sastri aThe Rights and Duties of The Indian Citizen cBOOK c1365111d1365108 00104070aBORIbBORId1987-06-02l0oBORI-54409pBORI-54409r2016-03-21 00:00:00w2016-03-21yBOOK